000 01198cam a22003015a 4500
001 L158306
008 141204s2014 xxk f 000 0 eng d
020 _a9781405786218
035 _a(Sirsi) u158306
041 0 _aeng
050 0 4 _a336.2
100 1 _aRoots, Guy
245 0 0 _aRyde on Rating and the Council Tax Volume 1
260 _aLondon
_bLexisNexis
_c2014
520 _a2 volume looseleaf reference publication provides indepth coverage of Rating and Council Tax legislation and commentary. Volume 1 provides an introduction, includes informaton on issues relating to the ratepayer, rateable property, exemption, immunities and reliefs, the measure of liability, rating lists, recovery of rates, council tax and statutes. Updated to July 2014 Issue 66. Volume 2 contains statutory instruments and practice notes.
520 _aUpdated Amendments 67 Dec 2014
590 _aKA
650 2 4 _aNON-DOMESTIC RATES
650 2 4 _aCOUNCIL TAX
650 2 4 _aBUSINESS RATES
651 4 _aENGLAND AND WALES
690 _aFinance and taxation
700 1 _aFisher, Richard
700 1 _aGlover, Richard
700 1 _aPike, Jeremy
700 1 _aWigley, Jenny
942 _n0
_2ddc
999 _c115256
_d115256